| 000 | 00346nam a2200133Ia 4500 | ||
|---|---|---|---|
| 008 | 150201s2009 xx 000 0 und d | ||
| 082 |
_a4.165 _bBRE |
||
| 100 | _aBarry B. Brey | ||
| 245 | 4 | _aThe Intel Microprocessors | |
| 250 | _a8th Ed. | ||
| 260 |
_bPrentice Hall of India Private Limted _aNew Delhi _c2009 |
||
| 300 | _a926p. | ||
| 942 |
_2ddc _cBK |
||
| 999 |
_c5403 _d5403 |
||